000 00360nam a2200145Ia 4500
008 180921t1941 xxu||||| ||||o00| 0 eng d
041 _aeng
245 _aFerguson's Ceylon Directory : Estate Index
260 _c1941
300 _a23 cm
650 _aEstate Indexes & Tamil Names
942 _cBK
999 _c46536
_d46536
003 LK-CoDNM
040 _aLK-CoDNM
_dLK-CoDNM
_eLK-CoDNM